[Event "Moscow RGGU-ch 10th"]
[Site "Moscow"]
[Date "2021.03.27"]
[Round "3"]
[White "Babashov, Dgeykhun"]
[Black "Sydykova, Myrzagul"]
[Result "1/2-1/2"]
[WhiteElo "1915"]
[BlackElo "1711"]
[PlyCount "100"]
[EventDate "2021.03.20"]
[EventType "swiss"]
[EventRounds "7"]
[EventCountry "RUS"]
[SourceTitle "EXT 2022"]
[Source "ChessBase"]
[SourceDate "2021.10.06"]
[SourceVersion "1"]
[SourceVersionDate "2021.10.06"]
[SourceQuality "1"]

1. e4 e5 2. Nf3 Nc6 3. Bb5 a6 4. Ba4 Bc5 5. c3 Nf6 6. 0-0 0-0 7. d4 exd4 8. cxd4 Be7 9. d5 b5 10. dxc6 bxa4 11. Qxa4 dxc6 12. Qxc6 Rb8 13. Nc3 Rb6 14. Qa4 Bb7 15. a3 Qc8 16. Qc2 Qg4 17. Nd2 Bc5 18. Qd3 Re8 19. Qg3 Qxg3 20. hxg3 Nxe4 21. Ndxe4 Bxe4 22. Na4 Rb5 23. Nxc5 Rxc5 24. Be3 Rc2 25. b4 c6 26. Rfd1 f6 27. Rd7 Bxg2 28. Ra7 Bd5 29. Rd1 Rb2 30. Rxa6 Bf3 31. Ra1 Re5 32. Ra5 Rxa5 33. bxa5 Rb5 34. g4 Rxa5 35. g5 fxg5 36. Kh2 g4 37. Kg3 g5 38. Bd2 Rd5 39. Be3 h5 40. a4 h4+ 41. Kh2 Kf7 42. a5 Kg6 43. a6 Rd8 44. a7 c5 45. Bxc5 Ba8 46. Rb1 g3+ 47. fxg3 Rd2+ 48. Kh3 Bg2+ 49. Kh2 Ba8+ 50. Kh3 Bg2+ 1/2-1/2

[Event "Moscow RGGU-ch 10th"]
[Site "Moscow"]
[Date "2021.03.20"]
[Round "1"]
[White "Babashov, Dgeykhun"]
[Black "Pautova, Darya"]
[Result "1/2-1/2"]
[WhiteElo "1915"]
[BlackElo "1569"]
[PlyCount "131"]
[EventDate "2021.03.20"]
[EventType "swiss"]
[EventRounds "7"]
[EventCountry "RUS"]
[SourceTitle "EXT 2022"]
[Source "ChessBase"]
[SourceDate "2021.10.06"]
[SourceVersion "1"]
[SourceVersionDate "2021.10.06"]
[SourceQuality "1"]

1. e4 e6 2. d4 d5 3. Nc3 c5 4. Nf3 Nc6 5. Be3 cxd4 6. Nxd4 Nf6 7. Bb5 Bd7 8. exd5 Nxd4 9. Bxd7+ Qxd7 10. Qxd4 Nxd5 11. Nxd5 Qxd5 12. Qxd5 exd5 13. 0-0-0 0-0-0 14. Bxa7 Be7 15. Bd4 Bg5+ 16. Kb1 f6 17. h4 Bh6 18. Rh3 Rhe8 19. Bb6 Rd6 20. Rc3+ Rc6 21. Bc5 Re4 22. g3 g5 23. hxg5 fxg5 24. a3 Bg7 25. Rxd5 Bxc3 26. bxc3 h6 27. Bd4 Re2 28. a4 Rce6 29. a5 Rd2 30. Rc5+ Kd7 31. Rb5 Kc8 32. Kc1 Ree2 33. Rb2 h5 34. Rb5 Rxc2+ 35. Kd1 Rcd2+ 36. Kc1 Ra2 37. Kb1 h4 38. gxh4 gxh4 39. Rh5 h3 40. Rxh3 Rxa5 41. Rh8+ Kd7 42. Rh7+ Kc6 43. Rh6+ Kb5 44. Rh5+ Ka4 45. Rxa5+ Kxa5 46. Kc1 Kb5 47. Kd1 Ra2 48. Ke1 Kc4 49. f4 Rh2 50. Kd1 Kd3 51. Kc1 b5 52. Be5 Rf2 53. Kb1 Kc4 54. Kc1 Kd5 55. Kb1 Kc4 56. Kc1 Kd3 57. Kb1 Rh2 58. Kc1 Ra2 59. Kb1 Rc2 60. Bf6 Rf2 61. Be5 Rh2 62. Kc1 Kc4 63. Kb1 Rh1+ 64. Kb2 Rh2+ 65. Kb1 Kb3 66. Kc1 1/2-1/2

[Event "Moscow RGGU op"]
[Site "Moscow"]
[Date "2019.04.06"]
[Round "4"]
[White "Babashov, Dgeykhun"]
[Black "Artyukhov, Evgeniy"]
[Result "1-0"]
[WhiteElo "1823"]
[BlackElo "1533"]
[PlyCount "47"]
[EventDate "2019.03.16"]
[EventType "swiss"]
[EventRounds "7"]
[EventCountry "RUS"]
[SourceTitle "CBM 190 Extra"]
[Source "ChessBase"]
[SourceDate "2019.07.15"]
[SourceVersion "1"]
[SourceVersionDate "2019.07.15"]
[SourceQuality "1"]

1. e4 e5 2. Nf3 Nc6 3. Bb5 Nf6 4. 0-0 d6 5. h3 Nxe4 6. d4 exd4 7. Nxd4 Bd7 8. Bxc6 bxc6 9. Re1 d5 10. f3 Bd6 11. fxe4 0-0 12. Nc3 Qh4 13. e5 Rae8 14. Nf3 Bc5+ 15. Be3 Bxe3+ 16. Rxe3 Qg3 17. Ne2 Qg6 18. Kh1 Qh6 19. Qd4 g5 20. Nxg5 f6 21. e6 Bxe6 22. Nxe6 Kf7 23. N2f4 Qh4 24. Nxf8 1-0

[Event "Moscow RGGU op"]
[Site "Moscow"]
[Date "2019.03.16"]
[Round "1"]
[White "Zakharova, Anna"]
[Black "Babashov, Dgeykhun"]
[Result "0-1"]
[WhiteElo "1820"]
[BlackElo "1823"]
[PlyCount "86"]
[EventDate "2019.03.16"]
[EventType "swiss"]
[EventRounds "7"]
[EventCountry "RUS"]
[SourceTitle "CBM 190 Extra"]
[Source "ChessBase"]
[SourceDate "2019.07.15"]
[SourceVersion "1"]
[SourceVersionDate "2019.07.15"]
[SourceQuality "1"]

1. e4 c5 2. Nf3 Nc6 3. d4 cxd4 4. Nxd4 Nf6 5. Nc3 e6 6. Ndb5 d6 7. Bf4 e5 8. Bg5 a6 9. Na3 Be7 10. Bxf6 Bxf6 11. Nd5 b5 12. c4 b4 13. Nc2 Rb8 14. b3 0-0 15. Qd3 Bg5 16. Be2 f5 17. Bf3 Kh8 18. Rd1 f4 19. 0-0 Be6 20. Qe2 Qc8 21. Rd3 Bh6 22. Qe1 a5 23. a3 Qb7 24. axb4 axb4 25. Qd2 g5 26. h3 Bg7 27. Qd1 Ra8 28. Bg4 Bxg4 29. Qxg4 Ra2 30. Rc1 h6 31. h4 gxh4 32. Qxh4 Rb2 33. Qg4 Na5 34. Qh3 Nc6 35. Qe6 Rxc2 36. Rxc2 Nd4 37. Rxd4 exd4 38. Qxd6 Qa7 39. Nxb4 Qa1+ 40. Kh2 Re8 41. Nd3 Qd1 42. Nb4 Re5 43. g3 Rh5+ 0-1